000 00585nam a2200181Ia 4500
003 GCL
008 140319s9999 xx 000 0 ara d
040 _aGCL /
_cGCL
082 0 4 _a189.09
_bم ج
100 1 _aمحمد عبدالرحمن مرحبا
245 1 0 _aالجامع فى تاريخ العلوم عند العرب /
_cمحمد عبدالرحمن مرحبا
260 _a[S.N] :
_bمنشورات بحر المتوسط ،
_c1988
300 _a591 ص
490 _a
650 0 4 _aالفلسفة الاسلامية
650 0 4 _aفلسفة التاريخ
942 _2ddc
_cBK
999 _c28518
_d28518